000 00601nam a2200205 u 4500
005 20240503063708.0
008 090220s2002 r 000 0 eng d
020 _a9583009377
035 _aUPN01000169643
049 _aI
050 4 _aPZ78
_bS2.5
100 1 _aSamper, Verónica
245 1 4 _aLos monstruos no existen /
_cVerónica Samper ; il. Fernando Cortés.
260 _aBogotá :
_bPanamericana,
_c2002.
300 _a202 p. :
_bil. col.
440 0 _aJuvenil
650 0 _aCuentos infantiles colombianos
_94407
650 4 _aMonstruos
_vLiteratura infantil
_94410
905 _aInfantil
999 _c141749
_d141749